00528nam a2200169Ia 450000500170000000800410001702000150005808200140007310000160008724500780010365000180018165000200019965000210021994200060024095200970024699900150034320240606003315.0240331s9999 xx 000 0 und d a0195138058 bBORa361  aBornstein,D 0aHow to change the world :bsocial entrepreneurs and the power of new ides aSocial action aSocial service  aSocial reformers cL 001040708LaWERCLbWERCLcSSCd2024-03-31l0o 361.2 BORp6514r2024-03-31w2024-03-31yL c2638d2638